000 00343nam a2200121Ia 4500
008 240731s9999 xx 000 0 und d
022 _a1470-1103
245 0 _aReflective Practice : International and Multidisciplinary Perspectives
260 _bRoutledge
856 _uhttps://www.tandfonline.com/loi/crep20
942 _2ddc
942 _cTFEJ
999 _c79137
_d79137
945 _a1
_bMadushi Gamage
_c1
_dMadushi Gamage